000 01372nam a2200325 a 4500
001 ebr10657663
003 CaPaEBR
006 m u
007 cr cn|||||||||
008 120913s2013 enka sb 001 0 eng d
010 _z 2012949422
020 _z9781848213661
020 _z9781118578995 (e-book)
040 _aCaPaEBR
_cCaPaEBR
035 _a(OCoLC)825096685
050 1 4 _aTL243
_b.V44 2013eb
245 0 0 _aVehicle dynamics estimation using Kalman filtering
_h[electronic resource] :
_bexperimental validation /
_cMoustapha Doumiati ... [et al.] ; series editor, Bernard Dubuisson.
260 _aLondon :
_bISTE ;
_aHoboken, N.J. :
_bJohn Wiley and Sons Inc,
_c2013.
300 _axxii, 239 p. :
_bill.
490 0 _aAutomation - control and industrial engineering series
504 _aIncludes bibliographical references and index.
533 _aElectronic reproduction.
_bPalo Alto, Calif. :
_cebrary,
_d2013.
_nAvailable via World Wide Web.
_nAccess may be limited to ebrary affiliated libraries.
650 0 _aMotor vehicles
_xDynamics.
650 0 _aKalman filtering.
655 7 _aElectronic books.
_2local
700 1 _aDoumiati, Moustapha.
700 1 _aDubuisson, Bernard.
710 2 _aebrary, Inc.
856 4 0 _uhttp://site.ebrary.com/lib/rucke/Doc?id=10657663
_zAn electronic book accessible through the World Wide Web; click to view
999 _c76976
_d76976